Managerial economics: (Record no. 157)

MARC details
000 -LEADER
fixed length control field 00971nam a22002771a 4500
001 - CONTROL NUMBER
control field vtls000071140
003 - CONTROL NUMBER IDENTIFIER
control field IIMBL
005 - DATE AND TIME OF LATEST TRANSACTION
control field 20180822135246.0
008 - FIXED-LENGTH DATA ELEMENTS--GENERAL INFORMATION
fixed length control field 100616s2005 |r| ||110|eng||||
020 ## - INTERNATIONAL STANDARD BOOK NUMBER
International Standard Book Number 0393924963
035 ## - SYSTEM CONTROL NUMBER
System control number iimb119194
039 #9 - LEVEL OF BIBLIOGRAPHIC CONTROL AND CODING DETAIL [OBSOLETE]
Level of rules in bibliographic description 201106180009
Level of effort used to assign nonsubject heading access points VLOAD
Level of effort used to assign subject headings 201007301223
Level of effort used to assign classification staff
-- 201006160907
-- VLOAD
040 ## - CATALOGING SOURCE
Original cataloging agency IIMB
082 1# - DEWEY DECIMAL CLASSIFICATION NUMBER
Classification number 338.5024658
Item number ALL
100 1# - MAIN ENTRY--PERSONAL NAME
Personal name Allen, Bruce W
245 10 - TITLE STATEMENT
Title Managerial economics:
Remainder of title Theory, applications, and Cases /
Statement of responsibility, etc. by Bruce W Allen, Neil A Doherty, Keith and others. Weigelt.
250 ## - EDITION STATEMENT
Edition statement 6th ed.
260 ## - PUBLICATION, DISTRIBUTION, ETC.
Place of publication, distribution, etc. New York:
Name of publisher, distributor, etc. W W Norton,
Date of publication, distribution, etc. 2005.
300 ## - PHYSICAL DESCRIPTION
Extent 920p.
650 #4 - SUBJECT ADDED ENTRY--TOPICAL TERM
Topical term or geographic name entry element Managerial economics
700 1# - ADDED ENTRY--PERSONAL NAME
Personal name Doherty, Neil A
700 1# - ADDED ENTRY--PERSONAL NAME
Personal name Weigelt, Keith.
949 ## - LOCAL PROCESSING INFORMATION (OCLC)
-- VIRTUAITEM
-- 10000
-- 10000
-- 1000
6 70022
949 ## - LOCAL PROCESSING INFORMATION (OCLC)
-- VIRTUAITEM
-- 10000
-- 10000
-- 1000
6 70023
q No Highlights & Pen Marks in Book
r No Highlights & Pen Marks in Book
s 5720:20180804
949 ## - LOCAL PROCESSING INFORMATION (OCLC)
-- VIRTUAITEM
-- 30000
-- 30000
-- 1000
6 70024
Holdings
Date last seen Full call number Barcode Price effective from Koha item type Lost status Source of classification or shelving scheme Damaged status Not for loan Withdrawn status Home library Current library Date acquired
08/22/2018 338.502 ALL C00572 08/22/2018 Reference   Dewey Decimal Classification       Indian Institute of Management Visakhapatnam Indian Institute of Management Visakhapatnam 08/22/2018

Copyright © 2024 Indian Institute of Management Visakhapatnam
Koha v23.05